Responses for Show #1080 - Friday, April 21, 1989

Joel Sacks game 3.

Contestants

[<< previous game]

Marianna Dwyer Phillips, a housewife from Crofton, Maryland

Maurice Berg, a teacher and department chairman from Warwick, Rhode Island

Joel Sacks, an administrator from Columbia, Maryland (whose 2-day cash winnings total $24,051)

[next game >>]

Jeopardy! Round responses

REVOLUTIONARY WAR
FOREIGN WORDS
FRUITS
LOS ANGELES
ROMAN MYTHOLOGY
TV "ADVENTURES"
    $100 1
Poland

Joel
    $100 10
a sauna

Joel
    $100 16
(Joel: What are apples?)

cherry trees

Joel
Triple Stumper
    $100 3
the mayor

Joel
    $100 15
Venus

Maurice
    $100 11
The Adventures of Superman

Joel
    $200 2
the whites of their eyes

Maurice
    $200 21
salsa

Marianna
    $600 17
(Alex: "Yes, We Have No [*]", courtesy of Spike Jones and his orchestra.)

bananas

Maurice
    $200 7
Hollywood

Maurice
    $200 12
(Joel: Uh... what... I don't know.)

The Adventures of Ozzie and Harriet

JoelMaurice
    $300 4
Massachusetts

Joel
    $300 22
(Alex: Minute to go.)

opera

Marianna
    $300 18
perennials

Maurice
    $300 8
Venice

Maurice
    $300 13
(Marianna: What is Wild Bill Hickok?)

The Adventures of Wild Bill Hickok

JoelMarianna
    $400 5
Spain

Triple Stumper
    $400 23
sauerbraten

Marianna
    $400 19
a persimmon

Triple Stumper
    $400 9
the San Fernando Valley

Marianna
    $400 25
(Marianna: What is The Adventure of Robin Hood?)
...
[The end-of-round signal sounds.]

The Adventures of Sir Lancelot

MauriceMarianna
    $500 6
New Jersey

Joel
    $500 24
(Joel: What is a "soo-NEW-me?)
(Alex: Say it again.)
[Joel said it again a few different ways with Alex calling it close enough for the show's purposes.]

a tsunami

Joel
    $500 20
a kumquat

Maurice
    $500 14
Watts

Joel

Scores at the first commercial break (after clue 12):

Joel Maurice Marianna
$1,000 $900 $400

Scores at the end of the Jeopardy! Round:

Joel Maurice Marianna
$2,200 $2,800 $600

Double Jeopardy! Round responses

BODIES OF WATER
FICTION
FASHION HISTORY
RULERS
ICE & SNOW
ORDINAL NUMBER, PLEASE
    $200 7
Huron

Marianna
    $200 22
Lady Chatterley

Marianna
    $200 1
a kimono

Joel
    $200 2
Ireland

Marianna
    $200 9
reflect it

Joel
    $200 15
Twentieth

Marianna
    $400 8
the Missouri

Joel
    $400 26
Thornton Wilder

Marianna
    $400 5
red, white & blue

Marianna
    $400 3
Egypt

Triple Stumper
    $400 10
the shoreline

Triple Stumper
    $400 16
the 4077th

Joel
    $600 14
(Joel: What is the [*] and the Mediterran--[Snaps finger] [**].)
(Alex: Hmm, okay, you got it in just in the nick of time.)

the Pacific Ocean & the Caribbean Sea

Joel
    $600 29
(Maurice: Who is Becky?)
...
[The end-of-round signal sounds.]

Aunt Polly

Maurice
Triple Stumper
    $600 6
black

Joel
    $600 4
Sweden

Triple Stumper
    $600 11
Antarctica

Maurice
    $600 17
the 11th hour

Maurice
    $800 20
(Marianna: What is the Faroe Island?)

Iceland

MauriceMarianna
    $1,000 23
(Marianna: What is wool?)

animal skins (leather)

Marianna
    $800 25
Peter the Great

Maurice
    $800 12
6

Maurice
    $800 18
(1 of) the 75th (or the 60th)

Maurice
    $1000 21
(Marianna: What is the North China Sea and the South China Sea?)

South China Sea & East China Sea

Marianna
Triple Stumper
    $1000 27
The Name of the Rose

Joel
    $1000 28
the Cavaliers

Triple Stumper
    $1000 24
(Marianna: Who is James II?)
...
(Alex: We've got less than a minute to go.)

Charles II

JoelMarianna
    $1000 13
a calve

Maurice
    $1000 19
(Joel: What is 27? [Faintly] Th.)
(Alex: No.)
...
(Alex: I think in your stuttering moment, Joel, you realize why I had to rule against you; you did not give me the ordinal number--you said, "What is 27?", not [*].)
[Joel was ruled incorrect and it was changed to correct before revealing the Final Jeopardy clue because upon replay the judges could hear Joel add the "th".]

the 27th

Joel

Scores at the end of the Double Jeopardy! Round:

Joel Maurice Marianna
$7,600 $7,600 -$1,600

[wagering suggestions for these scores]

Final Jeopardy! Round responses

FAMOUS PAIRS
[Maurice shakes Joel's hand before Maurice's wager is revealed and they continue shaking hands through the wager reveal along with the tie game announcement of co-champions.]
MauriceWho were Laurel + Hardy
$7,600
JoelWho are Laurel & Hardy?
$7,600
Laurel & Hardy

Final scores:

Joel Maurice Marianna
$15,200 $15,200 -$1,600
3-day co-champion: $39,251 New co-champion: $15,200 2nd place: trip on Delta to Lexington, Kentucky & stay at Gratz Park Inn

Game dynamics:

Coryat scores:

Joel Maurice Marianna
$7,600 $7,200 -$600
18 R,
2 W
16 R
(including 2 DDs),
1 W
10 R,
6 W
(including 1 DD)

Combined Coryat: $14,200

[game clues] [game scores] [suggest correction]

Game tape date: 1988-12-19
The J! Archive is created by fans, for fans. Scraping, republication, monetization, and malicious use prohibited; this site may use cookies and collect identifying information. See terms. The Jeopardy! game show and all elements thereof, including but not limited to copyright and trademark thereto, are the property of Jeopardy Productions, Inc. and are protected under law. This website is not affiliated with, sponsored by, or operated by Jeopardy Productions, Inc. Join the discussion at JBoard.tv.